000 00930nam a2200253Ia 4500
003 OSt
005 20221005112305.0
006 a|||||r|||| 00| 0
007 ta
008 221004b |||||||| |||| 00| 0 pan d
020 _a9788178567333 (hbk)
_cIndian Rupees 300
024 _a39437
037 _bGift, 18/09/2018,
_cTextual
040 _aCRL
_cCRL
_bpan
041 _2pan
_apan
082 _aNT4443v, 153Q5
100 _aਸਾਗਰ, ਸਬਿੰਦਰਜੀਤ ਸਿੰਘ, ਂਚ.
245 0 _aਪੰਜਾਬੀ ਰੰਗਮੰਚ ਦਾ ਇਤਿਹਾਸ
260 _aਅੰਮ੍ਰਿਤਸਰ
_bਵਾਰਿਸ Fਾਹ ਖ਼ਾਉ੍ਵਡੇFਨ ਭਾਰਤ
_c2015
300 _a208ਪ0
_ccm.
650 _aਰੰਗਮੰਚ
942 _hNT4443v, 153Q5
_cTEXL
_2cc
999 _c1024436
_d1024436